000 00613nam a2200253Ia 4500
003 OSt
005 20220918221645.0
006 a|||||r|||| 00| 0
007 ta
008 220917b |||||||| |||| 00| 0 eng d
024 _a202,405
037 _cTextual
040 _aARTS
_cARTS
_beng
041 _2eng
_aeng
082 _aV6:1.N9, P2
100 _aFage J D
_951300
245 0 _aHistory of Africa
250 _a4th
260 _aLondon
_bRoutledge
_c2002
300 _axi, 653p
_ccm.
650 _aHISTORY
942 _hV6:1.N9, P2
_cTEXL
_2CC
999 _c273291
_d273291